Statistics of the Presidential and Congressional Election of November 4, 1952.

Bibliographic Details
Corporate Authors: United States. Congress. House, ProQuest (Firm)
Format: Government Document eBook
Language:English
Published: [Washington] : [U.S. G.P.O.], 1953.
Series:U.S. Congressional Research.
Subjects:
Online Access:Connect to the full text of this electronic book

MARC

Tag First Indicator Second Indicator Subfields
LEADER 00000cam a22000001a 4500
001 in00003345430
006 m d f
007 cr bn mmmapmmp
008 110210s1953 dcu o f000 0 eng d
005 20260429195707.5
035 |a cis2007805954 
040 |a ProQuest  |c ProQuest  |d UtOrBLW 
043 |a n-us--- 
086 0 |a Y 1.2:E l2/952 
099 |a CMP-1953-HOR-0001 
110 1 |a United States.  |b Congress.  |b House. 
245 1 0 |a Statistics of the Presidential and Congressional Election of November 4, 1952. 
264 1 |a [Washington] :  |b [U.S. G.P.O.],  |c 1953. 
300 |a 1 online resource. 
336 |a text  |b txt  |2 rdacontent 
337 |a computer  |b c  |2 rdamedia 
338 |a online resource  |b cr  |2 rdacarrier 
500 |a Record is based on bibliographic data in ProQuest U.S. Congressional Research Digital Collection. Reuse except for individual research requires license from ProQuest, LLC. 
500 |a Electronic resource. 
610 1 0 |a United States.  |b Congress  |x Elections. 
650 0 |a Presidents  |z United States  |x Election  |y 1952. 
655 7 |a Electronic books.  |2 local 
710 2 |a ProQuest (Firm) 
776 0 8 |i Print version:   |a United States. Congress. House.  |t Statistics of the Presidential and Congressional Election of November 4, 1952 
776 0 8 |i Microfiche version:   |a United States. Congress. House.  |t Statistics of the Presidential and Congressional Election of November 4, 1952.  |d [Bethesda, Md.] : ProQuest,[2004]  |o CIS 2009 H942-19  |w (ProQuest)cis200901672 
830 0 |a U.S. Congressional Research. 
856 4 0 |u http://proxy.library.tamu.edu/login?url=https://congressional.proquest.com/congcomp/getdoc?CRDC-ID=CMP-1953-HOR-0001  |z Connect to the full text of this electronic book  |t 0 
998 |a cis200901672 
999 |a MARS 
999 f f |s d8e7da9d-3d73-3ccf-97f3-a401b57323a6  |i 40ec8c4e-53af-36fd-81c7-49f32bf68bee  |t 0 
952 f f |a Texas A&M University  |b College Station  |c Electronic Resources  |s www_evans  |d Available Online  |t 0  |e CMP-1953-HOR-0001  |h Other scheme 
998 f f |a CMP-1953-HOR-0001  |t 0  |l Available Online